Karavaliya Saviradondu Daivagalu: ondu ithihasika, samskrutika vishleshanatmaka nota (Record no. 220463)

MARC details
000 -LEADER
fixed length control field 08201nam a22002537a 4500
005 - DATE AND TIME OF LATEST TRANSACTION
control field 20230421092026.0
008 - FIXED-LENGTH DATA ELEMENTS--GENERAL INFORMATION
fixed length control field 211109b ||||| |||| 00| 0 eng d
020 ## - INTERNATIONAL STANDARD BOOK NUMBER
International Standard Book Number 9788192051901
040 ## - CATALOGING SOURCE
Transcribing agency AL
041 ## - LANGUAGE CODE
Language code of text/sound track or separate title kan
082 ## - DEWEY DECIMAL CLASSIFICATION NUMBER
Edition number 23
Classification number 398.4K
Item number LAKK
100 ## - MAIN ENTRY--PERSONAL NAME
Personal name Lakshmi G Prasad: ಲಕ್ಷ್ಮೀ ಜಿ ಪ್ರಸಾದ್
9 (RLIN) 10033
245 ## - TITLE STATEMENT
Title Karavaliya Saviradondu Daivagalu: ondu ithihasika, samskrutika vishleshanatmaka nota
Remainder of title ಕರಾವಳಿಯ ಸಾವಿರದೊಂದು ದೈವಗಳು-ಒಂದು ಐತಿಹಾಸಿಕ, ಸಾಂಸ್ಕೃತಿಕ, ವಿಶ್ಲೇಷಣಾತ್ಮಕ ನೋಟ
260 ## - PUBLICATION, DISTRIBUTION, ETC.
Place of publication, distribution, etc. Bengaluru
Name of publisher, distributor, etc. Mathrushri Prakashana
Date of publication, distribution, etc. 2021
300 ## - PHYSICAL DESCRIPTION
Extent lxiv,909 p.
Other physical details HB
Dimensions 24x18 cm.
365 ## - TRADE PRICE
Price type code BLCR-000081
Price amount 1600
Currency code
Unit of pricing 2000
Price note 20%
Price effective from 26-10-2021
520 ## - SUMMARY, ETC.
Summary, etc. ಸಾಹಿತಿ ಲಕ್ಷ್ಮೀ ಜಿ ಪ್ರಸಾದ್ ಅವರ ‘ಕರಾವಳಿಯ ಸಾವಿರದೊಂದು ದೈವಗಳು’ ಕೃತಿಯು ಒಂದು ಐತಿಹಾಸಿಕ, ಸಾಂಸ್ಕೃತಿಕ, ವಿಶ್ಲೇಷಣಾತ್ಮಕ ನೋಟ. ಕೊಡಗು ಸೇರಿದಂತೆ ಕರಾವಳಿಯಿಂದ ಕೊಟ್ಟಾಯಂವರೆಗಿನ ತುಳು, ಕನ್ನಡ, ಮಲಯಾಳ, ಕೊಡವ ಪರಿಸರದ ಸಾವಿರದ ಇನ್ನೂರ ಇಪ್ಪತ್ತೆಂಟು ದೈವಗಳ ಮಾಹಿತಿಯುಳ್ಳ ಗ್ರಂಥವಿದು. ನಾ.ಮೊಗಸಾಲೆ ಅವರು ಈ ಕೃತಿಗೆ ಬೆನ್ನುಡಿ ಬರೆದಿದ್ದು, ತುಳಳು ಸಂಸ್ಕೃತಿಯ ಹೊನ್ನ ಕಿರೀಟಕ್ಕೆ ಇಟ್ಟ ನವಿಲುಗರಿ ಇದು ಎಂಬುದಾಗಿ ಈ ಕೃತಿಯನ್ನು ಬಣ್ಣಿಸಿದ್ದಾರೆ.
Expansion of summary note <br/>Reviews:<br/>ತುಳುನಾಡಿನಲ್ಲಿ ಅಥವಾ ಕರಾವಳಿ ಭಾಗದಲ್ಲಿ (ಕರ್ನಾಟಕ-ಕೇರಳ) ದೇವರಿಗಿಂತ ದೈವಗಳ ಆರಾಧನೆ ಹೆಚ್ಚು. ಇದು ತುಳು ಸಂಸ್ಕೃತಿಯ ಬಹುಮುಖ್ಯ ಭಾಗವೂ ಹೌದು. ಹಾಗೆಂದು ಎಷ್ಟು ದೈವಗಳ ಆರಾಧನೆ ನಡೆಯುತ್ತದೆ ಎಂದು ಪ್ರಶ್ನಿಸಿದರೆ ಇದಮಿತ್ಥಂ ಎಂದು ಉತ್ತರಿಸಲು ಸಾಧ್ಯವಿಲ್ಲ. ಹೀಗಾಗಿಯೇ (ಸಾವಿರದ ಒಂದು ದೈವಗಳು) ಎಂಬ ವಾಡಿಕೆ ಮಾತಿದೆ. ಈ ವಾಡಿಕೆ ಮಾತಿಗೆ ಪೂರಕವಾಗಿ ಡಾ.ಲಕ್ಷ್ಮೀ ಜಿ. ಪ್ರಸಾದ್ ಅವರ 'ಕರಾವಳಿಯ ಸಾವಿರದೊಂದು ದೈವಗಳು ಒಂದು ಐತಿಹಾಸಿಕ, ಸಾಂಸ್ಕೃತಿಕ, ವಿಶ್ಲೇಷಣಾತ್ಮಕ ನೋಟ' ಕೃತಿಯು ಮೂಡಿಬಂದಿದೆ.<br/><br/>ಭೂತಾರಾಧನೆ ಬಹಳ ಸಂಕೀರ್ಣ. ಇದರ ಅರಿವಿಲ್ಲದೇ ಅಧ್ಯಯನ ಸುಲಭವಲ್ಲ. ಈ ಹಿಂದೆ 'ಅಣಿ ಅರಳದ ಸಿರಿ ಸಿಂಗಾರ ಪುಸ್ತಕದಲ್ಲಿ 1,435 ದೈವಗಳ ಪಟ್ಟಿ ಮಾಡಿ, ಕೆಲವು ಅಪರೂಪದ ದೈವಗಳ, ವಿಶಿಷ್ಟ ಆರಾಧನೆಯ ಬಗ್ಗೆ ಲಕ್ಷ್ಮೀ ಅವರು ವಿವರವನ್ನು, ಈ ಹೊಸ ಕೃತಿಯಲ್ಲಿ ಅದರ ವಿಸ್ತರಣೆಯಾಗಿ, ಸಮಗ್ರ ಮಾಹಿತಿಯನ್ನು ಕರಾವಳಿಯ ಸಾವಿರದೊಂದು ದೈವಗಳು –ಒಂದು ಐತಿಹಾಸಿಕ, ಸಾಂಸ್ಕೃತಿಕ, ವಿಶ್ಲೇಷಣಾತ್ಮಕ ನೋಟ ಹೊತ್ತು ತಂದಿದ್ದಾರೆ.<br/><br/>ಕರಾವಳಿಯಲ್ಲಿ ಆರಾಧನೆ ಇರುವ 2,330 ದೈವಗಳ ಹೆಸರನ್ನು ಇಲ್ಲಿ ಪಟ್ಟಿ ಮಾಡಲಾಗಿದೆ. ಇದರಲ್ಲಿ ಕೊಡಗು ಸೇರಿದಂತೆ ಕಾರವಾರದಿಂದ ಕೊಟ್ಟಾಯಂವರೆಗಿನ ತುಳು, ಕನ್ನಡ, ಮಲಯಾಳ ಹಾಗೂ ಕೊಡವ ಪರಿಸರದ ದೈವ ನರ್ತಕ ಕಲಾವಿದರು ಹೇಳುವ ಪಾಡ್ಡನಗಳನ್ನು, ಐತಿಹ್ಯಗಳನ್ನು ಮತ್ತು ಇತಿಹಾಸದ ಆಕರಗಳನ್ನು ಆಧರಿಸಿ 1,228 ದೈವಗಳ ಮಾಹಿತಿ ಸಂಗ್ರಹಿಸಿ, ವಿಶ್ಲೇಷಿಸಲಾಗಿದೆ. ಕಾಡ್ಯನಾಟ, ಪಾಣರಾಟ, ಸರ್ಪಂಕಳಿ, ಸರ್ಪಂತುಳ್ಳಲ್, ನಾಗಮಂಡಲಗಳಲ್ಲಿ ಅರಾಧನೆ ಪಡೆಯುವ ದೈವಗಳ ಸಂಕ್ಷಿಪ್ತ ಮಾಹಿತಿಯೂ ಇದರಲ್ಲಿದೆ. ಜೊತೆ ಅಪರೂಪದ ದೈವಗಳ ಫೋಟೊಗಳೂ ಇಲ್ಲಿವೆ. ಪೊಲೀಸ್ ವೇಷದಲ್ಲಿರುವ 'ಪೊಲೀಸ್ ತೆಯ್ಯಂ', ಬ್ರಾಹ್ಮಣ ವೇಷಧಾರಿ 'ಕಚ್ಚೆಭಟ್ಟ', ಅರಬ್ಬಿ ಭೂತ, ಶತ್ರು ರಾಷ್ಟ್ರದ ಸೇನೆಯ ಕೈಗೆ ಸಿಕ್ಕು ಗರೊಡಿಗೆ ಮಣೆ ಮಂಚದ ಹರಕೆ ಹೇಳಿ ತಪ್ಪಿಸಿಕೊಂಡು ಬಂದ 'ಮಿಲಿಟ್ರಿ ಅಜ್ಜ', ಒಂದು ಕಣಜದಷ್ಟು ಸೀಯಾಳ, ಹೊದಳನ್ನು ಕೊಟ್ಟರೂ ಸಾಕಾಗದ 'ಬಲ್ಲಮಂಜತ್ತಾಯ' ಮುಂತಾದ ಹಿಂದೆಂದೂ ಕೇಳದ ಅಪರೂಪದ ದೈವಗಳ ಮಾಹಿತಿಯನ್ನು ಕೃತಿ ಒಳಗೊಂಡಿದೆ.<br/><br/>ಕಾಸರಗೋಡು ಜಿಲ್ಲೆಯ ಕೋಳ್ಳೂರಿನಲ್ಲಿ ಜನಿಸಿದ ಲಕ್ಷ್ಮೀ ಅವರು ಪ್ರಸ್ತುತ ಬೆಂಗಳೂರಿನಲ್ಲಿ ಕನ್ನಡ ಉಪನ್ಯಾಸಕಿ, ತುಳು ಸಂಸ್ಕೃತಿ ಕುರಿತು ಎಂ.ಫಿಲ್ ಹಾಗೂ ಎರಡು ಡಾಕ್ಟರೇಟ್ ಪದವಿ ಪಡೆದ ಲಕ್ಷ್ಮೀ ಅವರು ದೈವಾರಾಧನೆಯ ಬಗ್ಗೆ ಕಳೆದ 20 ವರ್ಷಗಳಿಂದ ಹೆಚ್ಚಿನ ಕ್ಷೇತ್ರ ಕಾರ್ಯ ಮಾಡಿದ ಅನುಭವವುಳ್ಳವರಾಗಿದ್ದಾರೆ. ತುಳುನಾಡಿನ ದೈವ ಭೂತಗಳ ಕುರಿತಾಗಿ ಎ.ಸಿ.ಬರ್ನೆಲ್, ಡಾ.ಬಿ.ಎ.ವಿವೇಕ ರೈ, ಡಾ.ಕೆ.ಚಿನ್ನಪ್ಪಗೌಡ, ರಘುನಾಥ ಎಂ,ವರ್ಕಾಡಿ ಮುಂತಾದವರು ಬರೆದ ಲೇಖನ, ಕೃತಿಗಳಲ್ಲಿ ಸುಮಾರು ಮುನ್ನೂರೈವತ್ತು ನಾಲ್ಕೂರು ದೈವಗಳ ಮಾಹಿತಿ ಮೊದಲೇ ದಾಖಲಾಗಿದೆ. ಈ ಅಧ್ಯಯನಕಾರರು ದಾಖಲಿಸಿರುವ ಮಾಹಿತಿಗಳನ್ನೊಳಗೊಂಡೇ ಲಕ್ಷ್ಮೀ ತಮ್ಮ ಅಧ್ಯಯನದ ಸೌಧವನ್ನು ಬೃಹದಾಗಿ ನಿರ್ಮಿಸಿದ್ದಾರೆ. ಸ್ವಂತ ಅಧ್ಯಯನದಿಂದ ಉಳಿದ ಎಲ್ಲ ದೈವಗಳ ಮಾಹಿತಿಯನ್ನು ಸಂಗ್ರಹಿಸಿದ್ದಾರೆ. ಚಾಮುಂಡಿ ಮತ್ತು ಸೇರಿಗೆ ದೈವಗಳು, ಗುಳಿಗ ಮತ್ತು ಸೇರಿಗೆ ದೈವಗಳು, ಬ್ರಾಹ್ಮಣ, ಮುಸ್ಲಿಂ ಮೂಲದ ದೈವಗಳು ಹೀಗೆ ವಿಷಯದ ಅಧ್ಯಯನಕ್ಕೆ ಅನುಕೂಲವಾಗುವಂತೆ ಮುನ್ನೂರ ಹದಿನೈದು ಅಧ್ಯಾಯಗಳಲ್ಲಿ ವಿವರಣೆಯನ್ನು ನೀಡಲಾಗಿದೆ.
650 ## - SUBJECT ADDED ENTRY--TOPICAL TERM
Topical term or geographic name entry element Folklore: ಜಾನಪದ
9 (RLIN) 10034
650 ## - SUBJECT ADDED ENTRY--TOPICAL TERM
Topical term or geographic name entry element Yakshagana mattu Bhutaradhane: ಯಕ್ಷಗಾನ ಮತ್ತು ಭೂತಾರಾಧನೆ
9 (RLIN) 10035
650 ## - SUBJECT ADDED ENTRY--TOPICAL TERM
Topical term or geographic name entry element ದೈವ
9 (RLIN) 10506
650 ## - SUBJECT ADDED ENTRY--TOPICAL TERM
Topical term or geographic name entry element Tuluva Samskaragalu: ತುಳುವ ಸಂಸ್ಕಾರಗಳು
9 (RLIN) 10036
700 ## - ADDED ENTRY--PERSONAL NAME
Personal name PRASAD (Lakshmi G): ಪ್ರಸಾದ್ ( ಲಕ್ಷ್ಮೀ ಜಿ )
9 (RLIN) 10037
942 ## - ADDED ENTRY ELEMENTS (KOHA)
Source of classification or shelving scheme Dewey Decimal Classification
Koha item type Book
Holdings
Withdrawn status Lost status Source of classification or shelving scheme Damaged status Not for loan Collection code Home library Current library Date acquired Source of acquisition Cost, normal purchase price Total Checkouts Full call number Barcode Date last seen Date last checked out Cost, replacement price Price effective from Koha item type
    Dewey Decimal Classification     Others St Aloysius Library St Aloysius Library 10/27/2021 Navakarnataka Publications Pvt. Ltd. Mangaluru-575001 1600.00 3 398.4K LAKK 075075 06/25/2024 02/13/2024 2000.00 11/09/2021 Book